00358nam a2200145Ia 4500008004100000020001500041041001200056082001600068100001700084245004000101260002900141300000800170650001500178700001900193221030s9999 xx 000 0 und d a8122000282 aEnglish a105.23bRao aV. S. P. Rao 0aPrinciples & Practice Of Management bKonark Pub.aDelhic2000 a996 aManagement aP. S. Narayana